Szellemi tőke a kiállításon
Elmentve itt :
| Dokumentumtípus: | Cikk |
|---|---|
| Megjelent: |
1973-08-01
|
| Sorozat: | Délmagyarország
63 No. 178 |
| Kulcsszavak: | mezőgazdasági tanácskozások |
| Online Access: | http://dmarchiv.bibl.u-szeged.hu/108415 |
| LEADER | 00419nab a2200145 i 4500 | ||
|---|---|---|---|
| 001 | delm108415 | ||
| 005 | 20190329135048.0 | ||
| 008 | 190329s1973 hu o 0|| hun d | ||
| 040 | |a SZTE Délmagyarország Archívum |b hun | ||
| 041 | |a hun | ||
| 245 | 0 | 0 | |a Szellemi tőke a kiállításon |h [elektronikus dokumentum] |
| 260 | |c 1973-08-01 | ||
| 300 | |a 5 | ||
| 490 | 0 | |a Délmagyarország |v 63 No. 178 | |
| 695 | |a mezőgazdasági tanácskozások | ||